Đồ chơi và cách làm đồ chơi cho trẻ mầm non Sách dùng cho giáo sinh các hệ sư phạm mầm non và giáo viên các trường mầm non

Saved in:
Bibliographic Details
Main Author: Nguyễn Lăng Bình
Other Authors: Lê Đức Hiền, Nguyễn Mỹ Nga, Đặng Hồng Nhật
Format: Book
Language:Vietnamese
Published: H. [kxd] 1996
Subjects:
Tags: Add Tag
No Tags, Be the first to tag this record!
Institutions: Trung tâm Học liệu Lê Vũ Hùng, Trường Đại học Đồng Tháp
LEADER 01183pam a22002658a 4500
001 00026090
005 20171026081023.0
008 110813s1996 ||||||viesd
041 0 # |a vie 
082 1 4 |a 372.21  |b Đ451CH 
100 0 # |a Nguyễn Lăng Bình 
245 0 0 |a Đồ chơi và cách làm đồ chơi cho trẻ mầm non  |b Sách dùng cho giáo sinh các hệ sư phạm mầm non và giáo viên các trường mầm non  |c Nguyễn Lăng Bình, Lê Đức Hiền,Nguyễn Mỹ Nga,Đặng Hồng Nhật 
260 # # |a H.  |b [kxd]  |c 1996 
300 # # |a 237tr.  |c 19cm. 
500 # # |a ĐTTS ghi: Bộ GD và ĐT. Trung tâm nghiên cứu giáo viên 
653 # # |a mầm non 
653 # # |a đồ chơi 
700 0 # |a Lê Đức Hiền 
700 0 # |a Nguyễn Mỹ Nga 
700 0 # |a Đặng Hồng Nhật 
852 # # |b Kho giáo trình  |j KGT.0028105, KGT.0028106, KGT.0028107, KGT.0028104 
852 # # |b Kho mượn  |j KGT.0028104 
852 # # |j KGT.0028104  |j KGT.0028105  |j KGT.0028106  |j KGT.0028107 
910 |d 13/08/2011 
980 # # |a Trung tâm Học liệu Lê Vũ Hùng, Trường Đại học Đồng Tháp